| Tag |
First Indicator |
Second Indicator |
Subfields |
| LEADER |
00000nam a2200000Ia 4500 |
| 001 |
in00004291621 |
| 005 |
20200810080914.0 |
| 006 |
m g d |
| 007 |
cr bn |||a|bb| |
| 008 |
851111s1641 stk o 00| | eng d |
| 035 |
|
|
|a (OCoLC)12781871
|
| 040 |
|
|
|a EAA
|c EAA
|d m/c
|d WaOLN
|
| 037 |
|
|
|a CL0037000032
|b ProQuest Information and Learning. 300 N. Zeeb Rd., Ann Arbor, MI 48106
|
| 049 |
|
|
|a UMIA
|
| 100 |
1 |
|
|a Henderson, Alexander,
|d 1583?-1646.
|
| 245 |
1 |
4 |
|a The government and order of the Church of Scotland
|
| 260 |
|
|
|a Edinbrugh [sic] :
|b Printed for Iames Bryson,
|c 1641.
|
| 300 |
|
|
|a 1 online resource ([12], 68 pages)
|
| 336 |
|
|
|a text
|b txt
|2 rdacontent
|
| 337 |
|
|
|a computer
|b c
|2 rdamedia
|
| 338 |
|
|
|a online resource
|b cr
|2 rdacarrier
|
| 500 |
|
|
|a Reproduction of original in Union Theological Seminary Library, New York.
|
| 510 |
4 |
|
|a Wing
|c H1433
|
| 533 |
|
|
|a Electronic reproduction.
|b Ann Arbor, Mich. :
|c UMI,
|d 1999-
|f (Early English books online)
|n Digital version of: (Early English books, 1641-1700 ; 983:32)
|7 s1999 miun s
|
| 610 |
2 |
0 |
|a Church of Scotland
|x Government.
|
| 740 |
0 |
|
|a Government and order of the Church of Scotland.
|
| 830 |
|
0 |
|a Early English books online.
|
| 856 |
4 |
0 |
|u http://proxy.library.tamu.edu/login?url=https://search.proquest.com/docview/2264194899
|z Connect to the full text of this electronic book
|t 0
|
| 999 |
f |
f |
|s 53210537-a6e4-3cc1-b3f7-b181abfefca8
|i 05814b16-7eea-39f3-b619-258222f2b07d
|t 0
|
| 952 |
f |
f |
|a Texas A&M University
|b College Station
|c Electronic Resources
|d Available Online
|t 0
|h No information provided
|
| 998 |
f |
f |
|t 0
|l Available Online
|